Memoria que comprende el resumen de los trabajos verificados en el año de 1851 por las diferentes secciones de la Comisión encargada de formar el mapa geológico de la provincia de Madrid y el general del reino (Record no. 183920)
[ view plain ]
| 000 -LEADER | |
|---|---|
| campo de control de longitud fija | 01069nam a2200241 i 4500 |
| 001 - NÚMERO DE CONTROL | |
| campo de control | 183920 |
| 003 - IDENTIFICADOR DE NÚMERO DE CONTROL | |
| campo de control | ES-MaACL |
| 005 - FECHA Y HORA DE LA ÚLTIMA TRANSACCIÓN | |
| campo de control | 20250626211334.0 |
| 008 - DATOS DE LONGITUD FIJA--INFORMACIÓN GENERAL | |
| campo de control de longitud fija | 141127s1852 sp d |||| | spa d |
| 110 2# - ENTRADA PRINCIPAL--NOMBRE DE ENTIDAD CORPORATIVA | |
| Nombre de entidad corporativa o nombre de jurisdicción como elemento de entrada | Comisión del Mapa Geológico de España. |
| 9 (RLIN) | 3030 |
| 245 10 - MENCIÓN DEL TÍTULO | |
| Título | Memoria que comprende el resumen de los trabajos verificados en el año de 1851 por las diferentes secciones de la Comisión encargada de formar el mapa geológico de la provincia de Madrid y el general del reino |
| Resto del título | : presentada el 4 de marzo de 1852 ... / |
| Mención de responsabilidad, etc. | por Don Francisco de Lujan. |
| 260 ## - PUBLICACIÓN, DISTRIBUCIÓN, ETC. | |
| Lugar de publicación, distribución, etc. | Madrid : |
| Nombre del editor, distribuidor, etc. | [s.n.], |
| Fecha de publicación, distribución, etc. | 1852 ( |
| Fabricante | Imp. y Fund. de Eusebio Aguado) |
| 300 ## - DESCRIPCIÓN FÍSICA | |
| Extensión | 128 p., [1] h. pleg. de gráf. ; |
| Dimensiones | 29 cm. |
| 597 ## - NOTA DE DESCRIPCIÓN FÍSICA | |
| NOTA DE DESCRIPCIÓN FÍSICA | Port. con grab. |
| 610 24 - PUNTO DE ACCESO ADICIONAL DE MATERIA--NOMBRE DE ENTIDAD CORPORATIVA | |
| Nombre de entidad corporativa o nombre de jurisdicción como elemento de entrada | Comisión del Mapa Geológico de España- |
| Subdivisión de forma | Memorias. |
| 9 (RLIN) | 155974 |
| 650 #4 - PUNTO DE ACCESO ADICIONAL DE MATERIA--TÉRMINO DE MATERIA | |
| Término de materia o nombre geográfico como elemento de entrada | Geología- |
| Subdivisión geográfica | España. |
| 9 (RLIN) | 138819 |
| 650 #4 - PUNTO DE ACCESO ADICIONAL DE MATERIA--TÉRMINO DE MATERIA | |
| Término de materia o nombre geográfico como elemento de entrada | Flora- |
| Subdivisión geográfica | España. |
| 9 (RLIN) | 152605 |
| 650 #4 - PUNTO DE ACCESO ADICIONAL DE MATERIA--TÉRMINO DE MATERIA | |
| Término de materia o nombre geográfico como elemento de entrada | Fauna- |
| Subdivisión geográfica | España. |
| 9 (RLIN) | 152606 |
| 700 1# - ENTRADA AGREGADA--NOMBRE PERSONAL | |
| Nombre de persona | Luján, Francisco de. |
| 9 (RLIN) | 129140 |
| 852 ## - LOCALIZACIÓN | |
| Ubicación | ES-MaACL |
| Número de control de estantería | T-1279-F-3 |
| Nota libre | . - Donat. Bosch |
| 942 ## - ELEMENTOS DE ENTRADA SECUNDARIOS (KOHA) | |
| Fuente del sistema de clasificación o colocación | Clasificación decimal universal |
| Estatus retirado | Estado de pérdida | Estado de daño | No para préstamo | Colección | Biblioteca de origen | Biblioteca actual | Ubicación en estantería | Fecha de adquisición | Fuente de adquisición | Total de préstamos | Signatura topográfica completa | Código de barras | Visto por última vez | Precio de reemplazo | Tipo de ítem Koha |
|---|---|---|---|---|---|---|---|---|---|---|---|---|---|---|---|
| Colección de folletos | Biblioteca del Ateneo de Madrid | Biblioteca del Ateneo de Madrid | Depósito folletos | 27/11/2014 | T-1279-F-3 | 1193396 | 23/02/2023 | 23/02/2023 | Folleto |
